|
|
|
|
| LEADER |
01287naa a2200241 i 4500 |
| 001 |
publ22071 |
| 005 |
20211015084210.0 |
| 008 |
210812s2021 hu o 0|| zxx d |
| 020 |
|
|
|a 9781954085558
|
| 024 |
7 |
|
|a 10.18653/v1/2021.acl-srw.25
|2 doi
|
| 024 |
7 |
|
|a 32115909
|2 mtmt
|
| 040 |
|
|
|a SZTE Publicatio Repozitórium
|b hun
|
| 041 |
|
|
|a zxx
|
| 100 |
1 |
|
|a Ficsor Tamás
|
| 245 |
1 |
0 |
|a Changing the Basis of Contextual Representations with Explicit Semantics
|h [elektronikus dokumentum] /
|c Ficsor Tamás
|
| 260 |
|
|
|a Association for Computational Linguistics (ACL)
|b Stroudsburg (PA)
|c 2021
|
| 300 |
|
|
|a 13
|
| 300 |
|
|
|a 235-247
|
| 490 |
0 |
|
|a Proceedings of the 59th Annual Meeting of the Association for Computational Linguistics and the 11th International Joint Conference on Natural Language Processing: Student Research Workshop
|
| 650 |
|
4 |
|a Számítás- és információtudomány
|
| 700 |
0 |
1 |
|a Berend Gábor
|e aut
|
| 856 |
4 |
0 |
|u http://publicatio.bibl.u-szeged.hu/22071/7/Proceedings%20of%20the%2059th%20Annual%20Meeting%20of%20the%20Association%20for%20Computational%20Linguistics%20and%20the%2011th%20International%20Joint%20Conference%20on%20Natural%20Language_cimlap.pdf
|z Dokumentum-elérés
|
| 856 |
4 |
0 |
|u http://publicatio.bibl.u-szeged.hu/22071/1/2021.acl-srw.25.pdf
|z Dokumentum-elérés
|